| 000 | 00855cam a22002773a 4500 | ||
|---|---|---|---|
| 001 | 3291 | ||
| 003 | PGUSA | ||
| 005 | 20140828083030.0 | ||
| 008 | 020601s2002||||xxu|||||s|||||000 | eng d | ||
| 040 |
_aPGUSA _beng |
||
| 042 | _adc | ||
| 050 | 4 | _aE300 | |
| 050 | 4 | _aKF | |
| 100 | 1 |
_aCorwin, Edward Samuel, _d1878-1963 |
|
| 245 | 1 | 0 |
_aJohn Marshall and the Constitution, a Chronicle of the Supreme Court _h[electronic resource] / _cEdward Samuel Corwin |
| 260 |
_bProject Gutenberg, _c2002 |
||
| 506 | _aPublic domain in the USA. | ||
| 516 | _aElectronic text | ||
| 653 | _aConstitutional history -- United States | ||
| 653 | _aUnited States. Supreme Court | ||
| 653 | _aMarshall, John, 1755-1835 | ||
| 700 | 1 |
_aJohnson, Allen, _d1870-1931 |
|
| 830 | 0 |
_aProject Gutenberg _v3291 |
|
| 856 | 4 | 0 | _uhttp://www.gutenberg.org/ebooks/3291 |
| 942 | _cEB | ||
| 999 |
_c232620 _d232620 |
||